Ideology, ethics and policy development in public service interpreting and translation.

Enregistré dans:
Détails bibliographiques
Autres auteurs: Valero-Garcés, Carmen (Éditeur intellectuel), Tipton, Rebecca (Éditeur intellectuel)
Format: Inconnue
Publié: Bristol, United Kingdom: Multilingual Matters, 2017.
Collection:Translation Interpreting and Social Justice in a Globalised World,
Sujets:
Tags: Ajouter un tag
Pas de tags, Soyez le premier à ajouter un tag!

MARC

LEADER 00000 a2200000 4500
003 CL-VaPUC
005 20230111170402.0
008 230105t2017 ||||| |||| 00| 0 eng d
999 |c 439465  |d 439463 
020 |a 978-1783097517 
040 |c Pontificia Universidad Católica de Valparaíso 
082 7 |a 418.02 VAL 2017  |2 22 
100 |a Valero-Garcés, Carmen  |9 878670  |e editor 
245 1 |a Ideology, ethics and policy development in public service interpreting and translation. 
260 |a Bristol, United Kingdom:  |b Multilingual Matters,   |c 2017. 
300 |a 230 páginas.  
490 |a Translation Interpreting and Social Justice in a Globalised World,  |n  1. 
583 |k GC  |c 20230105 
650 0 |a Traducción e interpretación  |9 315998  |x Servicio público  
700 |a Tipton, Rebecca  |e editor  |9 878649 
942 |2 ddc  |c BK 
952 |0 0  |1 0  |2 ddc  |4 0  |6 418_020000000000000_VAL_2017  |7 0  |8 A  |9 588367  |a BIBEDU  |b BIBEDU  |c GEN  |d 2022-12-19  |e 74  |g 38219.00  |i 5656155  |o 418.02 VAL 2017  |p 5656155  |r 2022-12-19  |t 1  |v 38219.00  |w 2022-12-19  |y BK  |k LIT